000 00598nam a2200181 a 4500
008 120416s1997 ||||||||||||||||| || u
020 _a0582210607
050 _aQA 807 Plu
100 _aDownie, Martin
245 1 2 _aA foundation course in statistics and dynamics
260 _aHarlow
_bLongman
_c1997
300 _axi, 179 p. : ill.
350 _a0.00
650 0 _aPHYSICS
650 _aMECHANICS, ANALYTIC
700 _aPlum, David
995 _D0.00
_FCBU-MAIN LIBRARY (Kitwe)
_H1
_I0.00
_M1
_UAVAILABLE
_ZMain Library Open Access Collection
999 _c43860
_d43860